Pablo Neruda /
Gespeichert in:
| Weitere Verfasser: | , |
|---|---|
| Format: | Unbekannt |
| Sprache: | Spanish |
| Veröffentlicht: |
España :
Taurus,
1980.
|
| Schriftenreihe: | (Serie El escritor y la crítica ;
121) |
| Schlagworte: | |
| Tags: |
Tag hinzufügen
Keine Tags, Fügen Sie den ersten Tag hinzu!
|
MARC
| LEADER | 000000000a22000000004500 | ||
|---|---|---|---|
| 001 | 006908 | ||
| 020 | |a 8430621210 | ||
| 041 | 0 | |a spa | |
| 082 | 0 | 4 | |a Ch861.4 |b N454pa |
| 245 | 0 | 0 | |a Pablo Neruda / |c Emir Rodríguez Monegal, editor ; Enrico Mario Santi, editor. |
| 260 | 1 | |a España : |b Taurus, |c 1980. | |
| 300 | |a 322 páginas | ||
| 490 | 1 | |a (Serie El escritor y la crítica ; |v 121) | |
| 650 | 4 | |a NERUDA, PABLO, SEUDONIMO, 1904-1973 | |
| 700 | 1 | |a Rodríguez Monegal, Emir, editor | |
| 700 | 1 | |a Santi, Enrico Mario, editor | |
| 999 | |c 12220 |d 12220 | ||
| 942 | |c BK |h Ch861.4 N454pa |2 z | ||



